Cultural Policy as a Part of National Security of Ukraine Under Global Transformations

Dôležitá úloha kultúry ako základu národnej bezpečnosti. Identifikácia kľúčových zložiek kultúrnej politiky (KP). Analýza hlavných vektorov KP, ktoré by mali vyvinuté a implementové do štátnej bezpečnosti. Prioritné smery vývoja KP štátu v 21. storočí v podmienkach globálnych výziev.

Gespeichert in:
Bibliographische Detailangaben
1. Verfasser: Datsko, Olesya
Weitere Verfasser: Shchurko, Ulyana
Format: Buchkapitel
Sprache:Englisch
Schlagworte:
Tags: Tag hinzufügen
Keine Tags, Fügen Sie das erste Tag hinzu!

MARC

LEADER 00000naa a2200000 4500
001 0277711
005 20210805085012.0
041 0 |a eng 
044 |a SK 
245 1 0 |a Cultural Policy as a Part of National Security of Ukraine Under Global Transformations  |c Olesya Datsko, Ulyana Shchurko 
520 |a Dôležitá úloha kultúry ako základu národnej bezpečnosti. Identifikácia kľúčových zložiek kultúrnej politiky (KP). Analýza hlavných vektorov KP, ktoré by mali vyvinuté a implementové do štátnej bezpečnosti. Prioritné smery vývoja KP štátu v 21. storočí v podmienkach globálnych výziev. 
610 2 0 |a politika kultúrna 
610 2 0 |a bezpečnosť národná 
610 2 0 |a transformácia 
610 2 0 |a globalizácia 
610 2 0 |a identita 
610 2 0 |a Ukrajina 
100 1 |a Datsko, Olesya 
700 1 |a Shchurko, Ulyana